[Event "Stay Safe Play From Home 257"]
[Site "Emanuel Lasker Arena"]
[Date "2020.06.26"]
[Round "6"]
[White "Buzaglo"]
[Black "Souchov"]
[Result "0-1"]
[WhiteElo "1840"]
[BlackElo "1916"]
[Annotator "NA"]
[PlyCount "80"]
[EventDate "2020.06.26"]
[EventType "swiss (blitz)"]

1. d4 {[%emt 0:00:01]} Nf6 {[%emt 0:00:01]} 2. Nf3 {[%emt 0:00:00]} g6 {[%emt 0:00:00]} 3. g3 {[%emt 0:00:00]} Bg7 {[%emt 0:00:00]} 4. Bg2 {[%emt 0:00:00]} O-O {[%emt 0:00:00]} 5. O-O {[%emt 0:00:00]} d5 {[%emt 0:00:00]} 6. c4 {[%emt 0:00:00]} dxc4 {[%emt 0:00:00]} 7. Nc3 {[%emt 0:00:01]} c5 {[%emt 0:00:01]} 8. e4 {[%emt 0:00:00]} cxd4 {[%emt 0:00:01]} 9. e5 {[%emt 0:00:00]} dxc3 {[%emt 0:00:02]} 10. exf6 {[%emt 0:00:00]} Bxf6 {[%emt 0:00:03]} 11. bxc3 {[%emt 0:00:01]} Bf5 {[%emt 0:00:06]} 12. Qa4 {[%emt 0:00:01]} Bxc3 {[%emt 0:00:02]} 13. Qxc4 {[%emt 0:00:01]} Bxa1 {[%emt 0:00:01]} 14. Bh6 {[%emt 0:00:01]} Bg7 {[%emt 0:00:02]} 15. Bg5 {[%emt 0:00:02]} Qc8 {[%emt 0:00:01]} 16. Qb4 {[%emt 0:00:02]} Nc6 {[%emt 0:00:01]} 17. Qb3 {[%emt 0:00:04]} Rd8 {[%emt 0:00:04]} 18. Nh4 {[%emt 0:00:02]} Be6 {[%emt 0:00:02]} 19. Qc2 {[%emt 0:00:03]} h6 {[%emt 0:00:01]} 20. Bf4 {[%emt 0:00:02]} g5 {[%emt 0:00:01]} 21. Bxg5 {[%emt 0:00:04]} hxg5 {[%emt 0:00:00]} 22. Nf3 {[%emt 0:00:00]} f6 {[%emt 0:00:04]} 23. h4 {[%emt 0:00:01]} Nd4 {[%emt 0:00:01]} 24. Qa4 {[%emt 0:00:02]} Nxf3+ {[%emt 0:00:01]} 25. Bxf3 {[%emt 0:00:00]} Bd5 {[%emt 0:00:02]} 26. Bg4 {[%emt 0:00:02]} Be6 {[%emt 0:00:01]} 27. Bf3 {[%emt 0:00:01]} gxh4 {[%emt 0:00:01]} 28. Qxh4 {[%emt 0:00:03]} Qc4 {[%emt 0:00:02]} 29. Qh5 {[%emt 0:00:01]} Bd5 {[%emt 0:00:01]} 30. Be2 {[%emt 0:00:02]} Qe4 {[%emt 0:00:02]} 31. f3 {[%emt 0:00:02]} Qxe2 {[%emt 0:00:01]} 32. Qg4 {[%emt 0:00:03]} Bc6 {[%emt 0:00:01]} 33. Rf2 {[%emt 0:00:01]} Rd1+ {[%emt 0:00:01]} 34. Kg2 {[%emt 0:00:00]} Qe1 {[%emt 0:00:00]} 35. Qh3 {[%emt 0:00:05]} Rad8 {[%emt 0:00:01]} 36. Qh2 {[%emt 0:00:02]} R8d2 {[%emt 0:00:01]} 37. g4 {[%emt 0:00:00]} Rxf2+ {[%emt 0:00:01]} 38. Kh3 {[%emt 0:00:00]} Rxh2+ {[%emt 0:00:00]} 39. Kxh2 {[%emt 0:00:02]} Qf2+ {[%emt 0:00:00]} 40. Kh3 {[%emt 0:00:01]} Rh1# {[%emt 0:00:00] (Lag: Av=0.45s, max=0.7s)} 0-1

[Event "Stay Safe Play From Home 257"]
[Site "Emanuel Lasker Arena"]
[Date "2020.06.26"]
[Round "6"]
[White "Edmatuag"]
[Black "Fischer_11"]
[Result "0-1"]
[WhiteElo "1609"]
[BlackElo "1896"]
[Annotator "NA"]
[PlyCount "60"]
[EventDate "2020.06.26"]
[EventType "swiss (blitz)"]

1. e4 {[%emt 0:00:02]} Nf6 {[%emt 0:00:01]} 2. f3 {[%emt 0:00:01]} d5 {[%emt 0:00:01]} 3. Ne2 {[%emt 0:00:01]} dxe4 {[%emt 0:00:01]} 4. fxe4 {[%emt 0:00:00]} Nxe4 {[%emt 0:00:01]} 5. d3 {[%emt 0:00:00]} Nf6 {[%emt 0:00:03]} 6. Bf4 {[%emt 0:00:01]} e5 {[%emt 0:00:00]} 7. Bxe5 {[%emt 0:00:02]} Bd6 {[%emt 0:00:01]} 8. Bxf6 {[%emt 0:00:01]} Qxf6 {[%emt 0:00:00]} 9. Qd2 {[%emt 0:00:01]} O-O {[%emt 0:00:01]} 10. Qe3 {[%emt 0:00:01]} Nc6 {[%emt 0:00:02]} 11. Qf2 {[%emt 0:00:01]} Qxb2 {[%emt 0:00:02]} 12. Nec3 {[%emt 0:00:05]} Qxa1 {[%emt 0:00:02]} 13. Be2 {[%emt 0:00:00]} Bb4 {[%emt 0:00:03]} 14. Qf4 {[%emt 0:00:04]} Bxc3+ {[%emt 0:00:01]} 15. Kf2 {[%emt 0:00:10]} Bd4+ {[%emt 0:00:01]} 16. Kg3 {[%emt 0:00:02]} Be5 {[%emt 0:00:01]} 17. Rf1 {[%emt 0:00:02]} Bxf4+ {[%emt 0:00:01]} 18. Kxf4 {[%emt 0:00:01]} Re8 {[%emt 0:00:03]} 19. Bf3 {[%emt 0:00:02]} Nd4 {[%emt 0:00:05]} 20. Kg3 {[%emt 0:00:02]} Nxf3 {[%emt 0:00:01]} 21. gxf3 {[%emt 0:00:01]} Bd7 {[%emt 0:00:02]} 22. Kf2 {[%emt 0:00:01]} Bc6 {[%emt 0:00:02]} 23. Kg2 {[%emt 0:00:04]} Re2+ {[%emt 0:00:03]} 24. Rf2 {[%emt 0:00:01]} Rxf2+ {[%emt 0:00:01]} 25. Kxf2 {[%emt 0:00:00]} Qxb1 {[%emt 0:00:00]} 26. Kg2 {[%emt 0:00:01]} Qxc2+ {[%emt 0:00:00]} 27. Kh3 {[%emt 0:00:01]} Qxd3 {[%emt 0:00:00]} 28. Kg3 {[%emt 0:00:01]} Qxf3+ {[%emt 0:00:01]} 29. Kh4 {[%emt 0:00:02]} f5 {[%emt 0:00:00]} 30. Kg5 {[%emt 0:00:01]} Qg4# {[%emt 0:00:03] (Lag: Av=0.41s, max=0.6s)} 0-1

[Event "Stay Safe Play From Home 257"]
[Site "Emanuel Lasker Arena"]
[Date "2020.06.26"]
[Round "7"]
[White "little champs"]
[Black "Lazieri3"]
[Result "1/2-1/2"]
[WhiteElo "2245"]
[BlackElo "2101"]
[PlyCount "114"]
[EventDate "2020.06.26"]
[EventType "swiss (blitz)"]

1. e4 {[%emt 0:00:03]} c6 {[%emt 0:00:00]} 2. c3 {[%emt 0:00:01]} d5 {[%emt 0:00:00]} 3. exd5 {[%emt 0:00:01]} cxd5 {[%emt 0:00:00]} 4. Nf3 {[%emt 0:00:00]} Nc6 {[%emt 0:00:00]} 5. Be2 {[%emt 0:00:00]} Nf6 {[%emt 0:00:00]} 6. O-O {[%emt 0:00:00]} Bf5 {[%emt 0:00:00]} 7. d4 {[%emt 0:00:00]} e6 {[%emt 0:00:01]} 8. Na3 {[%emt 0:00:01]} Bxa3 {[%emt 0:00:01]} 9. bxa3 {[%emt 0:00:01]} h6 {[%emt 0:00:01]} 10. Qb3 {[%emt 0:00:01]} Qb6 {[%emt 0:00:01]} 11. Bf4 {[%emt 0:00:02]} Qxb3 {[%emt 0:00:01]} 12. axb3 {[%emt 0:00:01]} O-O {[%emt 0:00:00]} 13. a4 {[%emt 0:00:00]} Ne4 {[%emt 0:00:01]} 14. Rfc1 {[%emt 0:00:01]} Rfc8 {[%emt 0:00:03]} 15. b4 {[%emt 0:00:01]} a6 {[%emt 0:00:01]} 16. Kf1 {[%emt 0:00:01]} g5 {[%emt 0:00:02]} 17. Be3 {[%emt 0:00:01]} Kg7 {[%emt 0:00:03]} 18. Nd2 {[%emt 0:00:01]} Nxd2+ {[%emt 0:00:01]} 19. Bxd2 {[%emt 0:00:01]} Ne7 {[%emt 0:00:05]} 20. Ke1 {[%emt 0:00:01]} Ng8 {[%emt 0:00:01]} 21. Be3 {[%emt 0:00:01]} Nf6 {[%emt 0:00:01]} 22. Kd2 {[%emt 0:00:00]} Ne4+ {[%emt 0:00:01]} 23. Ke1 {[%emt 0:00:01]} Nd6 {[%emt 0:00:01]} 24. f3 {[%emt 0:00:01]} Nc4 {[%emt 0:00:01]} 25. Bxc4 {[%emt 0:00:00]} Rxc4 {[%emt 0:00:00]} 26. Kd2 {[%emt 0:00:01]} f6 {[%emt 0:00:04]} 27. Ra3 {[%emt 0:00:02]} Kf7 {[%emt 0:00:05]} 28. g4 {[%emt 0:00:01]} Bg6 {[%emt 0:00:01]} 29. Rb3 {[%emt 0:00:00]} Ke7 {[%emt 0:00:01]} 30. h4 {[%emt 0:00:03]} b5 {[%emt 0:00:01]} 31. Ra3 {[%emt 0:00:03]} bxa4 {[%emt 0:00:03]} 32. hxg5 {[%emt 0:00:01]} hxg5 {[%emt 0:00:01]} 33. Rxa4 {[%emt 0:00:01]} a5 {[%emt 0:00:01]} 34. Rca1 {[%emt 0:00:01]} Rac8 {[%emt 0:00:07]} 35. Rxa5 {[%emt 0:00:01]} Rxc3 {[%emt 0:00:01]} 36. Ra7+ {[%emt 0:00:01]} R3c7 {[%emt 0:00:01]} 37. Rxc7+ {[%emt 0:00:01]} Rxc7 {[%emt 0:00:00]} 38. Ra2 {[%emt 0:00:05]} Rc4 {[%emt 0:00:03]} 39. Rb2 {[%emt 0:00:00]} Kd6 {[%emt 0:00:01]} 40. f4 {[%emt 0:00:02]} gxf4 {[%emt 0:00:01]} 41. Bxf4+ {[%emt 0:00:01]} e5 {[%emt 0:00:00]} 42. dxe5+ {[%emt 0:00:00]} fxe5 {[%emt 0:00:00]} 43. Be3 {[%emt 0:00:02]} Rxg4 {[%emt 0:00:00]} 44. b5 {[%emt 0:00:00]} Rg2+ {[%emt 0:00:01]} 45. Kc1 {[%emt 0:00:01]} Rxb2 {[%emt 0:00:00]} 46. Kxb2 {[%emt 0:00:00]} d4 {[%emt 0:00:00]} 47. Bd2 {[%emt 0:00:01]} Kc5 {[%emt 0:00:00]} 48. b6 {[%emt 0:00:01]} Kxb6 {[%emt 0:00:01]} 49. Bb4 {[%emt 0:00:00]} Kc6 {[%emt 0:00:01]} 50. Be7 {[%emt 0:00:00]} Kd5 {[%emt 0:00:00]} 51. Bf6 {[%emt 0:00:00]} e4 {[%emt 0:00:00]} 52. Kc1 {[%emt 0:00:00]} e3 {[%emt 0:00:00]} 53. Kd1 {[%emt 0:00:00]} Ke4 {[%emt 0:00:00]} 54. Ke1 {[%emt 0:00:00]} d3 {[%emt 0:00:00]} 55. Bc3 {[%emt 0:00:02]} d2+ {[%emt 0:00:00]} 56. Bxd2 {[%emt 0:00:01]} exd2+ {[%emt 0:00:00]} 57. Kd1 {[%emt 0:00:01]} Kd3 {[%emt 0:00:01] (Lag: Av=0.83s, max=3.4s)} 1/2-1/2

[Event "Stay Safe Play From Home 257"]
[Site "Emanuel Lasker Arena"]
[Date "2020.06.26"]
[Round "7"]
[White "Bardellosport"]
[Black "Broken sword"]
[Result "0-1"]
[WhiteElo "2034"]
[BlackElo "2423"]
[Annotator "TA"]
[PlyCount "70"]
[EventDate "2020.06.26"]
[EventType "swiss (blitz)"]

{[%evp 13,70,13,20,-11,-8,-6,15,-14,-14,-20,-25,-12,0,0,13,-16,24,-69,66,33,21,-128,0,-95,0,-89,-84,-102,-28,-95,-99,-100,-99,-90,0,0,0,0,170,-72,-65,-69,-77,-235,-244,-591,-395,-454,-462,-457,-454,-439,-454,-518,-524,-716,-706,-677,-644]} 1. d3 d5 2. Nf3 c6 3. g3 Nf6 4. Bg2 Bg4 5. O-O Nbd7 6. Nbd2 e6 7. h3 Bh5 8. g4 {A07: Réti Opening: New York and Capablanca Systems.} Bg6 9. Nh4 Be7 10. Nxg6 {The position is equal.} hxg6 11. e4 {[#]} dxe4 $146 ({Predecessor:} 11... Qc7 12. f4 dxe4 13. Nxe4 Nxe4 14. dxe4 Bc5+ 15. Kh1 O-O-O 16. Qf3 Nf6 17. Be3 Bxe3 18. Qxe3 Nxg4 19. Qxa7 {0-1 (53) De Sousa E Silva,L (1385)-Guedes,M (1842) Sao Sebastiao do Paraiso 2016}) 12. dxe4 Nc5 13. Qe2 Qc7 14. c3 Bd6 15. Nf3 (15. Nc4 $11 Be7 16. f4) 15... Bf4 (15... Nfxe4 $15 16. Be3 f5) 16. Bxf4 (16. e5 $5 {[%cal Rc1f4]} Bxc1 17. exf6 $16 (17. Rfxc1 Nd5 $11)) 16... Qxf4 17. Nd4 (17. e5 $11 Nfe4 18. Rad1) 17... Rd8 (17... Nfxe4 $6 18. Rfe1 $11) ({Black should try} 17... Ncxe4 $17 18. Nf3 O-O-O) 18. Rad1 (18. e5 $11 Nd5 19. Rfd1) 18... O-O ({But not} 18... Nfxe4 $6 19. Rfe1 $11) (18... Ncxe4 $17 19. Nf3 O-O) 19. Qf3 (19. e5 $11 Nd5 20. Rfe1) 19... Qxf3 $17 20. Bxf3 Na4 ({Black should play} 20... e5 $17 21. Nb3 Nfxe4 22. Bxe4 Nxe4) 21. Rd2 (21. Rb1 $11) 21... e5 22. Nb3 Rxd2 23. Nxd2 Rd8 ({Reject} 23... Nxb2 $6 24. Rb1 $11) (23... b5 $17 24. Rb1 Rd8) 24. Nc4 $11 Nd7 25. Rd1 f6 $2 {[#]} (25... Kf8 $1 $11 {and Black is okay.}) 26. b3 $2 (26. Na5 $1 $18 {[%cal Ra5b7]} Nab6 27. Nxb7) 26... Nxc3 $17 {[%mdl 64] Double Attack} 27. Rd3 $1 {[%cal Rd3c3]} Nb5 $1 {[%cal Rb5d4] Strongly threatening ...Nd4.} ({Inferior is} 27... Nxa2 28. Na5 $16) 28. a4 $2 {White does not recover from this.} (28. Na5 $17 Nd4 29. Nxb7) 28... Nd4 $19 29. Nd6 $2 (29. b4) 29... b6 30. Nc4 Nc5 {[%mdl 64] Double Attack. Black is clearly winning.} 31. Rc3 Ncxb3 32. Bd1 Nc5 33. Rc1 {[#]} Nxa4 $1 {[%mdl 576] Deflection} 34. Bxa4 {If White can now play Bd1 this consolidates a bit.} Ne2+ {[%mdl 64] Double Attack} 35. Kf1 Nxc1 {Accuracy: White = 33%, Black = 54%.} 0-1

[Event "Stay Safe Play From Home 257"]
[Site "Emanuel Lasker Arena"]
[Date "2020.06.26"]
[Round "7"]
[White "Haxhi Baha"]
[Black "SoulofWolf"]
[Result "1-0"]
[WhiteElo "1952"]
[BlackElo "2263"]
[PlyCount "111"]
[EventDate "2020.06.26"]
[EventType "swiss (blitz)"]

1. e4 {[%emt 0:00:02]} c5 {[%emt 0:00:00]} 2. Nf3 {[%emt 0:00:01]} e6 {[%emt 0:00:00]} 3. d4 {[%emt 0:00:00]} a6 {[%emt 0:00:00]} 4. d5 {[%emt 0:00:01]} exd5 {[%emt 0:00:00]} 5. exd5 {[%emt 0:00:00]} d6 {[%emt 0:00:00]} 6. c4 {[%emt 0:00:00]} Be7 {[%emt 0:00:00]} 7. Bd3 {[%emt 0:00:00]} Nf6 {[%emt 0:00:00]} 8. O-O {[%emt 0:00:00]} O-O {[%emt 0:00:00]} 9. h3 {[%emt 0:00:00]} Nbd7 {[%emt 0:00:01]} 10. Nc3 {[%emt 0:00:01]} Re8 {[%emt 0:00:00]} 11. Re1 {[%emt 0:00:01]} Nf8 {[%emt 0:00:00]} 12. Bg5 {[%emt 0:00:01]} Ng6 {[%emt 0:00:00]} 13. Qc2 {[%emt 0:00:01]} Bd7 {[%emt 0:00:02]} 14. h4 {[%emt 0:00:01]} Rb8 {[%emt 0:00:04]} 15. h5 {[%emt 0:00:01]} Nf8 {[%emt 0:00:00]} 16. Bxf6 {[%emt 0:00:01]} Bxf6 {[%emt 0:00:00]} 17. Ne4 {[%emt 0:00:03]} Be5 {[%emt 0:00:05]} 18. Nxe5 {[%emt 0:00:01]} dxe5 {[%emt 0:00:00]} 19. Nxc5 {[%emt 0:00:01]} Bg4 {[%emt 0:00:01]} 20. h6 {[%emt 0:00:03]} g6 {[%emt 0:00:01]} 21. Ne4 {[%emt 0:00:01]} Bd7 {[%emt 0:00:07]} 22. Nd6 {[%emt 0:00:02]} Re7 {[%emt 0:00:01]} 23. c5 {[%emt 0:00:01]} f5 {[%emt 0:00:01]} 24. Qc3 {[%emt 0:00:02]} e4 {[%emt 0:00:03]} 25. Bc2 {[%emt 0:00:02]} b6 {[%emt 0:00:00]} 26. f3 {[%emt 0:00:02]} bxc5 {[%emt 0:00:01]} 27. fxe4 {[%emt 0:00:00]} Bb5 {[%emt 0:00:05]} 28. Nxb5 {[%emt 0:00:01]} axb5 {[%emt 0:00:01]} 29. exf5 {[%emt 0:00:00]} b4 {[%emt 0:00:00]} 30. Qxc5 {[%emt 0:00:07]} Rxe1+ {[%emt 0:00:03]} 31. Rxe1 {[%emt 0:00:00]} Rc8 {[%emt 0:00:01]} 32. Qd4 {[%emt 0:00:02]} Qd7 {[%emt 0:00:03]} 33. fxg6 {[%emt 0:00:01]} Nxg6 {[%emt 0:00:00]} 34. Bxg6 {[%emt 0:00:02]} hxg6 {[%emt 0:00:00]} 35. Re6 {[%emt 0:00:01]} Kh7 {[%emt 0:00:01]} 36. Qf6 {[%emt 0:00:03]} Rg8 {[%emt 0:00:04]} 37. Re7+ {[%emt 0:00:01]} Qxe7 {[%emt 0:00:00]} 38. Qxe7+ {[%emt 0:00:00]} Kxh6 {[%emt 0:00:00]} 39. Qh4+ {[%emt 0:00:01]} Kg7 {[%emt 0:00:01]} 40. d6 {[%emt 0:00:00]} g5 {[%emt 0:00:02]} 41. Qxg5+ {[%emt 0:00:01]} Kf7 {[%emt 0:00:00]} 42. Qxg8+ {[%emt 0:00:00]} Kxg8 {[%emt 0:00:00]} 43. d7 {[%emt 0:00:00]} Kf7 {[%emt 0:00:00]} 44. d8=Q {[%emt 0:00:00]} Ke6 {[%emt 0:00:00]} 45. Qb6+ {[%emt 0:00:01]} Ke5 {[%emt 0:00:00]} 46. Qxb4 {[%emt 0:00:00]} Kd5 {[%emt 0:00:01]} 47. g4 {[%emt 0:00:00]} Kc6 {[%emt 0:00:00]} 48. g5 {[%emt 0:00:00]} Kd5 {[%emt 0:00:00]} 49. Qf4 {[%emt 0:00:01]} Ke6 {[%emt 0:00:00]} 50. g6 {[%emt 0:00:00]} Ke7 {[%emt 0:00:00]} 51. Qf5 {[%emt 0:00:01]} Ke8 {[%emt 0:00:00]} 52. g7 {[%emt 0:00:01]} Ke7 {[%emt 0:00:00]} 53. Qg6 {[%emt 0:00:01]} Kd8 {[%emt 0:00:00]} 54. g8=Q+ {[%emt 0:00:01]} Ke7 {[%emt 0:00:00]} 55. Q8f7+ {[%emt 0:00:00]} Kd8 {[%emt 0:00:00]} 56. Qgg8# {[%emt 0:00:00] (Lag: Av=0.59s, max=2.1s)} 1-0

[Event "Stay Safe Play From Home 257"]
[Site "Emanuel Lasker Arena"]
[Date "2020.06.26"]
[Round "7"]
[White "Souchov"]
[Black "AChessPlayer"]
[Result "0-1"]
[WhiteElo "1930"]
[BlackElo "2414"]
[PlyCount "70"]
[EventDate "2020.06.26"]
[EventType "swiss (blitz)"]

1. e4 {[%emt 0:00:02]} g6 {[%emt 0:00:00]} 2. d4 {[%emt 0:00:02]} Bg7 {[%emt 0:00:00]} 3. Nc3 {[%emt 0:00:00]} d6 {[%emt 0:00:00]} 4. Bg5 {[%emt 0:00:01]} a6 {[%emt 0:00:01]} 5. Nf3 {[%emt 0:00:01]} b5 {[%emt 0:00:00]} 6. Qd2 {[%emt 0:00:01]} Nd7 {[%emt 0:00:00]} 7. a3 {[%emt 0:00:01]} c5 {[%emt 0:00:02]} 8. h4 {[%emt 0:00:03]} h6 {[%emt 0:00:02]} 9. Be3 {[%emt 0:00:01]} cxd4 {[%emt 0:00:00]} 10. Nxd4 {[%emt 0:00:00]} Bb7 {[%emt 0:00:01]} 11. Bd3 {[%emt 0:00:02]} Rc8 {[%emt 0:00:00]} 12. O-O-O {[%emt 0:00:03]} Ngf6 {[%emt 0:00:00]} 13. f3 {[%emt 0:00:01]} Ne5 {[%emt 0:00:01]} 14. g4 {[%emt 0:00:01]} h5 {[%emt 0:00:04]} 15. g5 {[%emt 0:00:01]} Nfd7 {[%emt 0:00:01]} 16. f4 {[%emt 0:00:01]} Nc4 {[%emt 0:00:01]} 17. Bxc4 {[%emt 0:00:01]} Rxc4 {[%emt 0:00:00]} 18. f5 {[%emt 0:00:01]} Be5 {[%emt 0:00:03]} 19. Rhf1 {[%emt 0:00:03]} O-O {[%emt 0:00:01]} 20. fxg6 {[%emt 0:00:02]} fxg6 {[%emt 0:00:04]} 21. Ne6 {[%emt 0:00:01]} Qc8 {[%emt 0:00:00]} 22. Nxf8 {[%emt 0:00:02]} Nxf8 {[%emt 0:00:00]} 23. Nd5 {[%emt 0:00:02]} Bxd5 {[%emt 0:00:02]} 24. exd5 {[%emt 0:00:00]} a5 {[%emt 0:00:03]} 25. Qd3 {[%emt 0:00:01]} b4 {[%emt 0:00:03]} 26. Bf4 {[%emt 0:00:01]} Bg7 {[%emt 0:00:02]} 27. Rde1 {[%emt 0:00:02]} bxa3 {[%emt 0:00:01]} 28. bxa3 {[%emt 0:00:01]} Rc3 {[%emt 0:00:01]} 29. Qe4 {[%emt 0:00:02]} Rxa3 {[%emt 0:00:01]} 30. Re3 {[%emt 0:00:04]} Ra1+ {[%emt 0:00:02]} 31. Kd2 {[%emt 0:00:00]} Rxf1 {[%emt 0:00:00]} 32. Qxe7 {[%emt 0:00:02]} Rxf4 {[%emt 0:00:01]} 33. Qa7 {[%emt 0:00:04]} Rf2+ {[%emt 0:00:01]} 34. Ke1 {[%emt 0:00:01]} Qxc2 {[%emt 0:00:01]} 35. Re7 {[%emt 0:00:01]} Qd2# {[%emt 0:00:00] (Lag: Av=0.52s, max=2.2s)} 0-1

[Event "Stay Safe Play From Home 257"]
[Site "Emanuel Lasker Arena"]
[Date "2020.06.26"]
[Round "7"]
[White "Fischer_11"]
[Black "Buzaglo"]
[Result "0-1"]
[WhiteElo "1901"]
[BlackElo "1826"]
[Annotator "NA"]
[PlyCount "100"]
[EventDate "2020.06.26"]
[EventType "swiss (blitz)"]

1. e4 {[%emt 0:00:02]} e6 {[%emt 0:00:00]} 2. d4 {[%emt 0:00:01]} d5 {[%emt 0:00:00]} 3. Nd2 {[%emt 0:00:00]} c5 {[%emt 0:00:00]} 4. c3 {[%emt 0:00:01]} cxd4 {[%emt 0:00:00]} 5. cxd4 {[%emt 0:00:01]} dxe4 {[%emt 0:00:00]} 6. Nxe4 {[%emt 0:00:00]} Nf6 {[%emt 0:00:00]} 7. Nxf6+ {[%emt 0:00:01]} Qxf6 {[%emt 0:00:00]} 8. Nf3 {[%emt 0:00:00]} Qd8 {[%emt 0:00:01]} 9. Bd3 {[%emt 0:00:01]} Bb4+ {[%emt 0:00:00]} 10. Bd2 {[%emt 0:00:01]} Be7 {[%emt 0:00:00]} 11. Qe2 {[%emt 0:00:01]} O-O {[%emt 0:00:00]} 12. O-O {[%emt 0:00:02]} g6 {[%emt 0:00:01]} 13. Rac1 {[%emt 0:00:02]} Nc6 {[%emt 0:00:01]} 14. Bc3 {[%emt 0:00:02]} b6 {[%emt 0:00:01]} 15. h4 {[%emt 0:00:02]} Bf6 {[%emt 0:00:02]} 16. h5 {[%emt 0:00:01]} Nxd4 {[%emt 0:00:02]} 17. Nxd4 {[%emt 0:00:02]} Bxd4 {[%emt 0:00:01]} 18. hxg6 {[%emt 0:00:00]} hxg6 {[%emt 0:00:01]} 19. Qe4 {[%emt 0:00:03]} Bxc3 {[%emt 0:00:02]} 20. Rxc3 {[%emt 0:00:06]} Rb8 {[%emt 0:00:02]} 21. Qe5 {[%emt 0:00:03]} Bb7 {[%emt 0:00:03]} 22. Be4 {[%emt 0:00:04]} Bxe4 {[%emt 0:00:02]} 23. Rh3 {[%emt 0:00:04]} f6 {[%emt 0:00:03]} 24. Qxe4 {[%emt 0:00:01]} Kg7 {[%emt 0:00:01]} 25. Qxe6 {[%emt 0:00:01]} Rh8 {[%emt 0:00:01]} 26. Rxh8 {[%emt 0:00:02]} Qxh8 {[%emt 0:00:02]} 27. Qe7+ {[%emt 0:00:02]} Kh6 {[%emt 0:00:01]} 28. Qxa7 {[%emt 0:00:03]} Qc8 {[%emt 0:00:02]} 29. g3 {[%emt 0:00:02]} g5 {[%emt 0:00:01]} 30. Kg2 {[%emt 0:00:02]} Kg6 {[%emt 0:00:00]} 31. Re1 {[%emt 0:00:02]} Qc6+ {[%emt 0:00:01]} 32. Kg1 {[%emt 0:00:01]} Rb7 {[%emt 0:00:01]} 33. Qa3 {[%emt 0:00:01]} Qd5 {[%emt 0:00:02]} 34. Qe3 {[%emt 0:00:01]} Qf5 {[%emt 0:00:01]} 35. Qe4 {[%emt 0:00:00]} Qxe4 {[%emt 0:00:01]} 36. Rxe4 {[%emt 0:00:00]} b5 {[%emt 0:00:00]} 37. Re3 {[%emt 0:00:01]} b4 {[%emt 0:00:00]} 38. a3 {[%emt 0:00:00]} bxa3 {[%emt 0:00:01]} 39. bxa3 {[%emt 0:00:00]} Ra7 {[%emt 0:00:00]} 40. Kg2 {[%emt 0:00:00]} Ra4 {[%emt 0:00:01]} 41. Rf3 {[%emt 0:00:00]} Re4 {[%emt 0:00:01]} 42. Re3 {[%emt 0:00:00]} Rd4 {[%emt 0:00:01]} 43. a4 {[%emt 0:00:01]} Rxa4 {[%emt 0:00:01]} 44. Ra3 {[%emt 0:00:00]} Rxa3 {[%emt 0:00:01]} 45. g4 {[%emt 0:00:00]} Ra2 {[%emt 0:00:00]} 46. Kg3 {[%emt 0:00:00]} f5 {[%emt 0:00:00]} 47. Kf3 {[%emt 0:00:00]} f4 {[%emt 0:00:00]} 48. Ke4 {[%emt 0:00:01]} Kf6 {[%emt 0:00:00]} 49. f3 {[%emt 0:00:00]} Ra3 {[%emt 0:00:00]} 50. Kd5 {[%emt 0:00:00]} Ra4 {[%emt 0:00:00] Zeit (Lag: Av=0.51s, max=2.3s)} 0-1

[Event "Stay Safe Play From Home 257"]
[Site "Emanuel Lasker Arena"]
[Date "2020.06.26"]
[Round "7"]
[White "Chase the sun"]
[Black "Edmatuag"]
[Result "1-0"]
[WhiteElo "1839"]
[BlackElo "1604"]
[Annotator "NA"]
[PlyCount "77"]
[EventDate "2020.06.26"]
[EventType "swiss (blitz)"]

1. e4 {[%emt 0:00:02]} e5 {[%emt 0:00:01]} 2. Nc3 {[%emt 0:00:01]} Nc6 {[%emt 0:00:01]} 3. Bc4 {[%emt 0:00:00]} d6 {[%emt 0:00:01]} 4. d3 {[%emt 0:00:01]} Be6 {[%emt 0:00:00]} 5. f4 {[%emt 0:00:00]} Bxc4 {[%emt 0:00:01]} 6. dxc4 {[%emt 0:00:00]} Be7 {[%emt 0:00:01]} 7. Nf3 {[%emt 0:00:01]} Nf6 {[%emt 0:00:01]} 8. O-O {[%emt 0:00:01]} Nd7 {[%emt 0:00:01]} 9. f5 {[%emt 0:00:01]} h6 {[%emt 0:00:03]} 10. Nd5 {[%emt 0:00:01]} Bg5 {[%emt 0:00:02]} 11. Nxg5 {[%emt 0:00:02]} hxg5 {[%emt 0:00:01]} 12. h3 {[%emt 0:00:01]} f6 {[%emt 0:00:01]} 13. a3 {[%emt 0:00:02]} Ne7 {[%emt 0:00:01]} 14. b4 {[%emt 0:00:01]} c6 {[%emt 0:00:01]} 15. Ne3 {[%emt 0:00:03]} Qb6 {[%emt 0:00:01]} 16. Kh2 {[%emt 0:00:03]} d5 {[%emt 0:00:01]} 17. cxd5 {[%emt 0:00:01]} c5 {[%emt 0:00:01]} 18. Rb1 {[%emt 0:00:05]} Rc8 {[%emt 0:00:03]} 19. Nc4 {[%emt 0:00:01]} Qd8 {[%emt 0:00:02]} 20. Nd6+ {[%emt 0:00:02]} Kf8 {[%emt 0:00:02]} 21. Nxc8 {[%emt 0:00:01]} Nxc8 {[%emt 0:00:01]} 22. c4 {[%emt 0:00:02]} Nd6 {[%emt 0:00:01]} 23. bxc5 {[%emt 0:00:02]} Nxc5 {[%emt 0:00:01]} 24. a4 {[%emt 0:00:00]} b6 {[%emt 0:00:01]} 25. Ba3 {[%emt 0:00:00]} Ncxe4 {[%emt 0:00:01]} 26. Qe2 {[%emt 0:00:03]} Qc7 {[%emt 0:00:03]} 27. Qxe4 {[%emt 0:00:02]} Kf7 {[%emt 0:00:03]} 28. Bxd6 {[%emt 0:00:02]} Qxd6 {[%emt 0:00:01]} 29. c5 {[%emt 0:00:00]} bxc5 {[%emt 0:00:02]} 30. Rb7+ {[%emt 0:00:01]} Kg8 {[%emt 0:00:01]} 31. Rfb1 {[%emt 0:00:01]} Kh7 {[%emt 0:00:01]} 32. Qf3 {[%emt 0:00:01]} e4+ {[%emt 0:00:02]} 33. Qg3 {[%emt 0:00:03]} Qxg3+ {[%emt 0:00:02]} 34. Kxg3 {[%emt 0:00:00]} Rd8 {[%emt 0:00:01]} 35. Rxa7 {[%emt 0:00:01]} Rxd5 {[%emt 0:00:01]} 36. Rbb7 {[%emt 0:00:00]} g4 {[%emt 0:00:04]} 37. Rxg7+ {[%emt 0:00:00]} Kh6 {[%emt 0:00:01]} 38. Rg6+ {[%emt 0:00:01]} Kh5 {[%emt 0:00:01]} 39. Rh7# {[%emt 0:00:00] (Lag: Av=0.55s, max=1.4s)} 1-0